[Event "EU-ch 1st"]
[Site "Saint Vincent"]
[Date "2000.07.07"]
[Round "5"]
[White "Fedorov, Alexei"]
[Black "Hertneck, Gerald"]
[Result "0-1"]
[WhiteElo "2646"]
[BlackElo "2541"]
[Annotator "Psakhis,L"]
[PlyCount "94"]
[EventDate "2000.07.03"]
[EventType "swiss"]
[EventRounds "11"]
[EventCountry "ITA"]
[SourceTitle "CBM 078"]
[Source "ChessBase"]
[SourceDate "2000.10.18"]
[SourceVersion "1"]
[SourceVersionDate "2000.10.18"]
[SourceQuality "1"]

1. e4 e6 2. d3 d5 3. Qe2 Nf6 4. Nf3 Be7 5. g3 c5 6. Bg2 Nc6 7. O-O O-O 8. e5
Nd7 9. c4 a6 {Hertneck wants to organize counterplay on the queenside as soon
as possible.} (9... Ndb8 {leads to better game for White} 10. h4 f5 11. exf6
Bxf6 12. Nh2 Nd4 13. Qd1 Nbc6 14. Nc3 dxc4 15. dxc4 b6 16. Ng4 $36 {Belotti,
B-Brynell,S/EU t-ch Batumi 1999/0-1 (36)}) (9... d4 {little bit premature} 10.
h4 a6 11. Bf4 Rb8 12. Nh2 Na5 13. Nd2 b5 14. b3 Bb7 15. Bh3 bxc4 16. bxc4 Nc6
17. Ng4 Ba8 18. Nf3 Rb4 19. Ng5 Qb6 20. Bg2 Rb2 21. Qd1 Qa5 22. Be4 g6 23. Qf3
Qc7 24. Nh6+ Kg7 25. Nhxf7 Ncxe5 26. Nxe6+ Kxf7 27. Bxe5+ Kxe6 28. Bd5+ Bxd5 {
1-0 Bronstein,D-Kelly,B/Hastings 1995 (28)}) 10. h4 b5 11. Bf4 Nb6 12. Na3 $146
({Deserves attention} 12. Nbd2 Bb7 13. Rad1 Qd7 14. b3 Rfd8 15. Rfe1 Rac8 16.
h5 dxc4 17. dxc4 Nd4 18. Nxd4 cxd4 19. Bxb7 Qxb7 20. Qg4 Bf8 21. Bg5 Rd7 22. h6
g6 23. Ne4 Rdc7 24. Nd6 f5 25. Qxd4 {1-0 Bronstein,D-Kochiev,A/Moscow tt 1973 
(25)}) 12... Nb4 13. Rfd1 (13. cxb5 axb5 14. Nxb5 Ba6 $36) 13... Bd7 14. b3 Ra7
15. Rac1 bxc4 16. dxc4 {Looks natural and strong, but} (16. bxc4 $5 {was not
bad either}) 16... d4 17. Ng5 {[%cal Ge2h5] Fedorov start attack against black
monarch, but maybe stronger was play} (17. Bd2 $5 {and afyrt for example} Nc6 (
17... a5 18. Nb5 Bxb5 19. cxb5 Nxa2 20. Ra1 d3 21. Qe3 Nb4 22. Bxb4 cxb4 23.
Rxd3 $14) (17... d3 18. Qe3 Nxa2 19. Ra1 Nb4 20. Bxb4 cxb4 21. Nb5 $1 $36) 18.
Nc2 {[%cal Gc2e1,Ge1d3] poor knight a3 will take active part in the game})
17... Qe8 $1 18. Be4 (18. Qh5 h6 19. Ne4 f5 $17) 18... Bxg5 19. hxg5 (19. Bxg5
$5 Bc6 20. Bb1 Ba8 $13) 19... Bc6 20. Rd2 (20. Bb1 $5 Ba8 21. Qg4 Qc6 22. Qh3
f5 $1 $13) 20... Bxe4 21. Qxe4 Qc6 22. Qxc6 Nxc6 {Hertneck successfully
exchanged all active white pieces and has nice perspective in the ending,
mostly thanks to akward position of white's knight on a3} 23. Nc2 {[%cal Gc2e1,
Ge1d3]} Nd7 24. Re1 f6 $1 25. gxf6 (25. exf6 $2 e5 {[%csl Rf4]}) 25... gxf6 26.
exf6 Rxf6 $15 27. Bg5 Rg6 28. f4 Nde5 $1 {[%cal Re5f3,Ge5f7]} 29. Kg2 (29. Kf2
Rxg5 30. fxg5 Rf7+ 31. Ke2 Nf3 $17) 29... Nf7 30. b4 (30. Bh4 Nd6 {[%cal Gd6f5,
Ga7g7]}) 30... e5 31. Bh4 (31. bxc5 Nxg5 32. fxg5 Rxg5 $17) 31... Nd6 (31...
cxb4 32. fxe5 Nfxe5 33. Nxb4 Nxc4 34. Nxc6 Rxc6 35. Rxd4 Rac7 $11) 32. bxc5
Nxc4 33. Rd3 Rb7 34. Na3 $6 (34. Rb3 Rxb3 35. axb3 d3 $1 36. f5 Rg7 37. bxc4
dxc2 $17) ({after} 34. f5 $5 Rgg7 35. Rc1 Rb2 36. Kf3 {White will have more
chances for persistent defence.}) 34... Ne3+ ({After} 34... Rb2+ $1 {Black
could win rather easy, for example} 35. Kf3 (35. Kh3 Ne3 36. fxe5 $140 Ng4 $1
$19) 35... Nd2+ 36. Rxd2 Rxd2 37. Nc4 Rc2 38. Nxe5 Re6 $19) 35. Kf3 exf4 36.
gxf4 Rf7 $6 {Second inaccuracy} (36... Ng2 $1 37. Rh1 Rf7 38. Bg3 Ne5+ $19 {
wins immediately}) 37. Rb3 Kg7 38. Bf2 Ng4 39. Bg1 Nge5+ 40. Ke4 Nd7 41. Bxd4+
(41. Rc1 $142 Nf6+ 42. Kf3 Nd5 43. Bh2 Rgf6 44. Ke4 Nxf4 45. Bxf4 Rxf4+ 46. Kd5
Ne7+ 47. Kc4 $17) 41... Nxd4 42. Kxd4 Rxf4+ 43. Ke3 (43. Kd5 Rg5+ 44. Kd6 Rd4+
45. Ke7 Nxc5 {[%csl Ra3,Re7]}) 43... Ra4 44. Rb7 (44. Kf3 $142 Nxc5 45. Rc3 $17
) 44... Rxa3+ 45. Kd2 (45. Kd4 Rg4+ 46. Kd5 Rd3+ 47. Ke6 (47. Kc6 Rg6+ 48. Kc7
Nxc5 $19) 47... Rg6+ 48. Kf5 Rf3+ 49. Ke4 Rf7) 45... Rxa2+ 46. Kc3 $2 {Final
mistake, but and after best} (46. Kd3 $1 Rg3+ 47. Ke4 Ra4+ 48. Kf5 Rd4 49. Re7+
Kh6 50. Rbxd7 Rg5+ 51. Kf6 Rxd7 52. Rxd7 Rxc5 53. Rd1 Rc6+ 54. Kf5 a5 $19 {
white's position is desperate.}) 46... Rg3+ 47. Kc4 Rc2+ (47... Rc2+ 48. Kd5
Rd2+ 49. Ke6 Rg6+ $19) 0-1

[Event "RUS-Cup03 Geller Memorial"]
[Site "Moscow"]
[Date "1999.02.14"]
[Round "5"]
[White "Beshukov, Sergei"]
[Black "Drozdovskij, Yuri"]
[Result "1-0"]
[WhiteElo "2511"]
[BlackElo "2312"]
[Annotator "Psakhis,L"]
[PlyCount "75"]
[EventDate "1999.02.10"]
[EventType "swiss"]
[EventRounds "9"]
[EventCountry "RUS"]
[SourceTitle "CBM 070"]
[Source "ChessBase"]
[SourceDate "1999.06.08"]
[SourceVersion "1"]
[SourceVersionDate "1999.06.08"]
[SourceQuality "1"]

1. e4 e6 2. d3 d5 3. Qe2 Nf6 (3... dxe4 $5 4. dxe4 e5) 4. Nf3 Be7 5. g3 O-O 6.
Bg2 c5 7. O-O Nc6 8. e5 Nd7 9. c4 d4 {White advantage is obvious after} (9...
dxc4 10. dxc4 Qc7 11. Bf4 Rd8 12. h4 Nf8 13. h5 Qd7 14. Nc3 Qd3 15. Qxd3 Rxd3
16. Ne1 Rd8 17. Bxc6 $1 bxc6 18. b3 $16 {1-0 Bronstein-Gipslis,A/Kiev 1969 (41)
}) ({or} 9... Nb6 10. Bf4 Bd7 11. h4 Nd4 12. Nxd4 cxd4 13. Nd2 Bc6 14. Rad1 Na4
15. Nb3 $1 dxc4 16. dxc4 Bc5 17. Bxc6 bxc6 18. Nxc5 Nxc5 19. Be3 $18 {1-0
Bronstein,D-Dzindzichashvili,R/URS-ch 1972 (21)}) 10. h4 Qc7 (10... a6 11. Bf4
Rb8 12. Nh2 Na5 13. Nd2 b5 14. b3 Bb7 15. Bh3 bxc4 16. bxc4 Nc6 17. Ng4 Ba8 18.
Nf3 Rb4 19. Ng5 Qb6 20. Bg2 Rb2 21. Qd1 Qa5 22. Be4 $40 {1-0 Bronstein,D-Kelly,
B/Hastings 1995 (28)}) 11. Bf4 b6 12. Nbd2 Bb7 13. Rfe1 {[%cal Gd2f1,Gf1h2,
Gh2g4] Beshulov starts typical plan in similar positions-he transferes knight
to g4 and prepares attack on the king,s side. Also interesting played Hracek-}
(13. Rae1 Rae8 14. Ne4 $5 {[%cal Re4f6]} Ncxe5 15. Nxe5 Nxe5 16. Qh5 f6 17. Ng5
$1 fxg5 18. Bxe5 Qd7 19. hxg5 Bxg2 20. Kxg2 Qc6+ 21. Re4 $36 {1-0 Hracek,
Z-Rasik,V/Karvina 1989 (43) and got great position.}) 13... Nb4 {N/ New move
doesn,t change evualation of position as better foe white.} (13... a6 14. h5
Rfe8 15. Nf1 b5 16. b3 bxc4 17. bxc4 Rab8 18. N1h2 Ba8 19. g4 Rb4 20. g5 Reb8
21. Rad1 Rb2 22. Rd2 Rxd2 23. Nxd2 Rb2 24. Ng4 Qd8 25. Nf6+ $1 $40 {1-0
Bogumil,P-Totsky,L/Harkany op 1994 (59)}) 14. Nf1 a6 15. a3 Nc6 16. N1h2 b5 17.
Ng4 {[%cal Gg4f6]} Rfe8 18. h5 {[%cal Gh5h6]} h6 19. Nd2 $1 {[%cal Gd2e4]} Bf8
20. Rac1 b4 $6 21. a4 $1 {Queen flang is closed now and white can concetrate
on attack on other side of the board} Kh8 22. b3 Rab8 23. Rb1 {Misterical rook
moves!} Ba8 24. Nf3 Qd8 25. Qd2 Kg8 26. Nh4 ({Deserves attention} 26. Kf1 {
[%cal Gf1e2,Ge2d1,Gd1c2] with idea first transfere king to the safe area})
26... Be7 27. Nf3 Bf8 28. Bxh6 $5 {[%mdl 512] Interesting, brave, but not
obligatory bishop sacrificed, Beshukov could bring king to the queen side, put
rook on h4 and it will be very difficult for black to find sutisfactory
defence.} gxh6 29. Nxh6+ Bxh6 ({Lose} 29... Kh7 30. Ng5+ {white advantage is
obvious and after}) (29... Kg7 30. Re4 $5 (30. Qf4 f5 (30... Qe7 31. Nh4 $1 $18
{[%cal Rh4f5]}) 31. g4 $1 $40) 30... Ncxe5 $8 31. Nxe5 Bxe4 32. Nexf7 (32.
Nhxf7 Qf6 33. Nxd7 Qxf7 34. Qg5+ Kh8 35. Ne5 Qg7 36. Bxe4 $16) 32... Qf6 33.
Bxe4 $18) 30. Qxh6 f5 {What else ? Compleatly desperate for black and} (30...
Qe7 31. Ng5 f5 (31... Nf8 32. Be4 Nd8 33. Bh7+ Kh8 34. Bg6+ Kg8 35. Nh7 $1 $18)
32. exf6 Qxf6 33. Qh7+ Kf8 34. Qxd7 Qxg5 35. Bxc6 $18) 31. Qg6+ Kh8 (31... Kf8
32. h6) 32. Ng5 $18 Re7 33. Qh6+ Kg8 34. Nxe6 Qc8 (34... Qe8 35. Ng7 $1 Rxg7
36. Bd5+ Rf7 37. e6 $18) 35. Bd5 Ncxe5 (35... Nb6 36. Qg6+ Kh8 37. Qf6+ Kg8 38.
Nxc5+ Nxd5 39. cxd5 Rf7 40. Qd6 $18) 36. Qg5+ Kf7 37. Qg7+ Ke8 38. Qg8+ 1-0

[Event "Lee Cup 4th"]
[Site "Beijing"]
[Date "1997.09.02"]
[Round "9"]
[White "Zhang, Pengxiang"]
[Black "Yu, Shaoteng"]
[Result "1-0"]
[WhiteElo "2360"]
[BlackElo "2400"]
[Annotator "Psakhis,L"]
[PlyCount "71"]
[EventDate "1997.08.23"]
[EventType "swiss"]
[EventRounds "11"]
[EventCountry "CHN"]
[SourceTitle "CBM 061"]
[Source "ChessBase"]
[SourceDate "1997.11.23"]
[SourceVersion "1"]
[SourceVersionDate "1997.11.23"]
[SourceQuality "1"]

1. e4 e6 2. Qe2 c5 3. Nf3 Nc6 4. g3 d6 5. Bg2 Nge7 (5... Nf6 6. O-O Be7 7. c3
O-O 8. d4 cxd4 9. Nxd4 Bd7 10. Rd1 Qb8 11. Na3 Rd8 12. Nac2 Be8 13. c4 Nxd4 14.
Nxd4 a6 15. Be3 Qc7 16. Rac1 Rac8 17. b4 Ba4 18. Nb3 Qb8 19. Bb6 Re8 20. Bd4 {
Treybal,K-Saemisch,F/Karlsbad 1923/HCL 07/1/2-1/2 (65)}) (5... g6 6. d3 Bg7 7.
Nbd2 Nge7 8. h4 h6 9. c3 b6 10. h5 g5 11. Nh2 e5 12. Nc4 Be6 13. Ne3 d5 14. Qf3
d4 15. Nd5 f5 16. c4 f4 {1/2-1/2 Balashov,Y-Bruch,I/Schwaebisch Gmuend op 1994/
EXT 94op (40)}) 6. c3 e5 7. Na3 g6 8. Nc4 b5 9. Ne3 Rb8 10. h4 $1 h6 11. h5 g5
{[%csl Rf5]} 12. O-O (12. Bh3 Bxh3 13. Rxh3 Qd7 14. Rh1 Bg7 {[%cal Yd6d5]})
12... Bg7 13. g4 O-O 14. Rd1 (14. d3) 14... d5 $1 15. exd5 Nxd5 16. Nxd5 Qxd5
17. Nh4 (17. Nxg5 Qd7 $1 18. Ne4 Qxg4) 17... Qe6 (17... Qd6 $5 18. Nf5 (18. Qe4
gxh4 19. Qxc6 Qxc6 20. Bxc6 Bxg4) 18... Bxf5 19. gxf5 Ne7 $13) 18. Nf5 Ne7 19.
Be4 Nxf5 (19... Qf6 20. Qf3) 20. gxf5 $5 (20. Bxf5 Qa6) 20... Qf6 21. Qf3 $14 {
[%csl Yg7]} c4 (21... Rd8 $5 22. d3 Qd6 23. Be3 f6 $13) 22. d3 Qe7 23. Be3 Bf6
24. a4 $1 b4 (24... a6 25. axb5 axb5 $2 26. Ba7 Rb7 27. Bc5 $1 (27. Bxb7 Bxb7
$132 {[%cal Rb7h1]}) 27... Qxc5 28. Bxb7 $18) 25. dxc4 bxc3 26. bxc3 Rb3 27. c5
$1 {[%cal Rc5c7]} (27. Rdb1 $6 Rxc3 28. Bc5 Rxf3 29. Bxe7 Bxe7 30. Bxf3 Bxf5)
27... Rxc3 28. Rdc1 Rb3 29. c6 $16 Rd8 (29... Qc7 $5) 30. Bc5 $1 Qxc5 (30...
Rxf3 31. Bxe7 Bxe7 32. Bxf3 Bxf5 33. c7 $18) 31. Qxb3 Qd4 32. Qc2 $18 Ba6 33.
Rd1 Qb6 34. c7 Rc8 35. Rd7 g4 36. Rb1 1-0

[Event "RUS-chT 09th Group2"]
[Site "Ekaterinburg"]
[Date "2002.05.22"]
[Round "6"]
[White "Fedorov, Alexei"]
[Black "Kurochkin, Victor"]
[Result "1-0"]
[WhiteElo "2598"]
[BlackElo "2415"]
[Annotator "Psakhis,L"]
[PlyCount "67"]
[EventDate "2002.05.17"]
[EventType "team-tourn"]
[EventRounds "7"]
[EventCountry "RUS"]
[SourceTitle "CBM 090"]
[Source "ChessBase"]
[SourceDate "2002.09.20"]
[SourceVersion "1"]
[SourceVersionDate "2002.09.20"]
[SourceQuality "1"]
[WhiteTeam "Maykop Universitet"]
[BlackTeam "Khabarovsk Lokomotiv"]
[WhiteTeamCountry "RUS"]
[BlackTeamCountry "RUS"]

1. e4 c5 2. d3 d5 3. Nd2 Nc6 4. g3 Nf6 5. Bg2 e6 6. f4 dxe4 7. dxe4 Be7 (7...
b6 8. e5 Nd5 9. Ne4 Bb7 10. Nf3 Be7 11. O-O O-O 12. c3 b5 13. Qe2 Qb6 14. g4
c4+ 15. Kh1 Qc7 $13 {Abramovic,B-Fishbein,A/New York op 1990/0-1 (50)}) 8. Nh3
$146 {[%cal Gh3f2] Interesting plan. Knight is going to f2, where from it
safely protects key pawn- e4.} (8. Ngf3 O-O 9. O-O Qc7 10. c3 Rd8 11. Qe2 b6
12. e5 Ne8 13. Ne4 Bb7 14. Nfg5 $14 {0-1 Stefan,B-Buescu,N/ROM-sf Tusnad 2000/
(47)}) 8... Qc7 (8... e5 9. f5 (9. Nf2) 9... g6 10. O-O) 9. O-O b6 10. c3 Ba6
11. Re1 Rd8 12. Nf2 (12. e5 Nd5 13. Qg4) 12... h5 $2 {Kurochkin asks for
troubles!} ({He could continue simple} 12... O-O $142 $14 {with reasonable game
}) 13. e5 Ng8 $2 {Do development means something?} ({After} 13... Nd5 $5 14. c4
Ndb4 15. Qa4 (15. a3 Nd3 16. Nxd3 Rxd3 17. Qa4 Bb7 $13) 15... Bb7 16. a3 Na6
$14 {[%csl Ra6] White keep solid advantage, but now Black gets another level
of problems!}) 14. f5 $5 (14. Qf3 Bb7 15. Nfe4 $36 {[%csl Gd6][%cal Gd2c4] was
also good enough.}) 14... exf5 (14... Bc4 15. Qc2 Bd5 16. fxe6 Bxe6 17. Qa4 Bd7
18. Qe4 {[%cal Re5e6]}) 15. e6 $5 {Fedorov plays in a very energetic way.} ({
Black's position is not easy to defend and after} 15. Qf3 $5 Bb7 (15... Nxe5 $2
16. Qf4 f6 17. Qa4+ $18) 16. Qxf5 h4 17. Nc4 $16) 15... fxe6 16. Qa4 Bb7 17.
Nc4 $1 {[%cal Re1e6,Rc1f4] It seems that Black's position can no longer be
saved - there are too many White' pieces pointed at the black king} (17. Rxe6
Rd6 18. Re1 h4 {[%cal Gd6g6]}) 17... Qc8 (17... h4 18. Bf4 Qc8 19. Ne5 hxg3 20.
Bxg3 Rd6 21. Ng6 $18) 18. Ne5 Rd6 19. Ng6 Rh7 (19... Rh6 20. Bxh6 Nxh6 21. Rad1
Rxd1 22. Rxd1 $18 {[%csl Re8]}) 20. Bf4 {White calmly brings more pieces into
attack, making Black's survival impossible} Rd7 (20... e5 21. Nxe5 Kf8 22. Nxc6
Rxc6 23. Qxa7 $18) 21. Rxe6 {[%csl Ga4,Rc6,Ge6,Re8,Gg2,Gg6,Rh7]} Nd8 22. Bxb7
Qxb7 23. Re2 {[%cal Ra1e1]} Qc6 $8 (23... Nc6 24. Qb3 $5 Nf6 25. Bg5 $18) 24.
Qc4 Qd5 25. Qxd5 $1 {White can finish attack and without queens on the board.}
Rxd5 26. Rae1 Rd7 $8 (26... Nc6 27. Re6 Kd7 28. Rxe7+ $1 Ngxe7 29. Nf8+ $18)
27. Bg5 Nc6 $8 28. Re6 Nd8 (28... Kf7 29. Rxc6 Bxg5 30. Ne5+ Ke8 (30... Ke7 31.
Nf3+) 31. Rc8+ $1 Rd8 32. Rc7 $18) 29. R6e5 $5 (29. Rxe7+ Nxe7 30. Nxe7 Kf7 31.
Nxf5 Kg6 32. Bxd8 Kxf5 33. Re8 Rd2 $16) 29... Nc6 30. Rxf5 {[%cal Rf5f8]
Formally Black has material parity, but his pieces are useless and cannot safe
their king.} Nf6 (30... Rd6 31. Rf8+ Kd7 32. Nxe7 Ngxe7 33. Ne4 Rd5 (33... Re6
34. Rd1+ Kc7 35. Bf4+ Kb7 36. Ng5 $18) 34. Rf7 Re5 35. Bxe7 Nxe7 (35... Rxe7
36. Nf6+ $1 gxf6 37. Rexe7+ Nxe7 38. Rxh7 $18) 36. Nf6+ gxf6 37. Rd1+ Ke6 38.
Rxh7 $18) 31. Bxf6 gxf6 32. Rxf6 {[%cal Rf6c6,Rf6f8]} Rc7 33. Rf8+ Kd7 34. Rd1+
(34. Rd1+ Ke6 35. Nf4+ Ke5 36. Rd5#) 1-0

[Event "FRA-ch Final stage"]
[Site "Besancon"]
[Date "1999.08.24"]
[Round "1.1"]
[White "Hauchard, Arnaud"]
[Black "Bricard, Emmanuel"]
[Result "1-0"]
[WhiteElo "2518"]
[BlackElo "2506"]
[Annotator "Psakhis,L"]
[PlyCount "121"]
[EventDate "1999.08.23"]
[EventType "k.o."]
[EventRounds "2"]
[EventCountry "FRA"]
[SourceTitle "CBM 073"]
[Source "ChessBase"]
[SourceDate "1999.12.01"]
[SourceVersion "1"]
[SourceVersionDate "1999.12.01"]
[SourceQuality "1"]

1. e4 e6 2. Qe2 c5 3. g3 Nc6 4. Bg2 g6 5. d3 Bg7 6. f4 d6 7. Nf3 Nge7 8. O-O
O-O 9. Kh1 (9. Nc3 Rb8 10. Be3 Nd4 11. Qd2 Nec6 12. Nd1 d5 13. Nh4 dxe4 14.
dxe4 b6) 9... b5 10. c3 b4 11. c4 e5 12. fxe5 dxe5 13. Nbd2 (13. Be3 Nd4) 13...
Qd6 14. Nb3 Bg4 (14... Bd7) (14... a5) 15. h3 Bd7 16. Be3 Nd4 17. Nbxd4 (17.
Nfxd4 exd4 18. Bf4 Be5) 17... cxd4 18. Bg1 Nc6 19. g4 f6 20. Qd2 a5 21. Bh2
Rae8 22. Rf2 Nd8 23. Raf1 Nf7 (23... Ne6 24. g5) 24. g5 f5 (24... fxg5 25. Nxg5
Nxg5 26. Qxg5 Rxf2 27. Rxf2) 25. exf5 gxf5 26. Nh4 f4 27. Nf3 Qg6 28. Rg1 Qh5 (
28... Bf5 29. Nh4 Qxg5 30. Nxf5 Qxf5 31. Be4) 29. Qe2 (29. h4 Nd6) 29... Bxh3
30. g6 (30. Nxd4 Bg4 31. Nf3 Nxg5) 30... hxg6 31. Bxh3 Qxh3 32. Rxg6 Nh6 33.
Rfg2 Nf5 34. Ng5 Qh4 (34... Qe3 35. Qh5) 35. Qe4 (35. Qf3) (35. Kg1 e4 (35...
Ne3 36. Rxg7+) 36. dxe4 (36. Nxe4 f3 37. Qxf3 Qe1+ 38. Qf1 Qxf1+ 39. Kxf1 Nh4+
40. Ke2 Nxg2 41. Rxg2) 36... d3 37. Qd1 (37. Qxd3 Qe1+ 38. Qf1 Qxf1+ 39. Kxf1
Ne3+) 37... Ne3 38. Nf3) 35... Qh5 36. Qd5+ Kh8 37. Nf7+ (37. Ne6 f3) 37... Kh7
38. Rxg7+ Nxg7 39. Nd6 Re6 (39... Re7) 40. Rxg7+ Kxg7 41. Qxe6 Qd1+ 42. Kg2
Qe2+ (42... Qc2+ 43. Kg1 Qb1+ 44. Kf2 Qxb2+ 45. Kf3 Qxh2 46. Qe7+ Kg8 47. Qg5+)
43. Kg1 Qe1+ (43... Rg8 44. Nf5+ (44. Ne4 f3 45. Qh3 Qe3+ 46. Kh1 Qc1+ 47. Bg1
Rh8) 44... Kh7+ 45. Bg3 Qd1+ (45... Rxg3+ 46. Nxg3 Qe3+ 47. Kf1 Qf3+ 48. Ke1
Qxg3+ 49. Kd2) 46. Kh2 (46. Kg2 f3+) 46... fxg3+ 47. Nxg3 Qd2+ 48. Kh3 Qxd3)
44. Kg2 f3+ 45. Kh3 Rh8+ (45... Qf1+ 46. Kg4 Qg2+ 47. Bg3 Rf4+ 48. Kh5 Qxg3 49.
Qe7+ Kg8 50. Qe6+ Kf8 51. Qe8+ Kg7 52. Qe7+) 46. Kg4 Qh4+ (46... Rh4+ 47. Kg5)
47. Kxf3 e4+ 48. Qxe4 (48. Nxe4 Qh5+ 49. Qg4+ Qxg4+ 50. Kxg4 Rxh2) 48... Qh5+
49. Qg4+ Qxg4+ 50. Kxg4 Rxh2 51. c5 Rxb2 (51... Rc2 52. Nc4 Kf6 53. Kf4 Re2)
52. c6 Rc2 (52... Rf2 53. c7 Rf8 54. c8=Q Rxc8 55. Nxc8 a4 56. Nd6 b3 57. axb3
a3 58. Nf5+ Kf6 59. Nxd4) (52... Kh7 53. c7 (53. Kf3 Rd2 (53... b3 54. axb3
Rxb3 55. Ke4) 54. Ke4 (54. c7 Rxd3+ 55. Ke4 Rc3 56. c8=Q Rxc8 57. Nxc8 a4 58.
Kxd4 (58. Kd3 a3 59. Kc2 d3+) 58... b3 59. axb3 axb3 60. Kc3) 54... Rxa2 55.
Nc4 Re2+ 56. Kxd4 Re8 57. Nxa5 Kg6 58. Kc5) 53... Rc2 54. Nc4 (54. c8=Q Rxc8
55. Nxc8 a4) 54... Rg2+ 55. Kf5 Rg8 56. Ke6 a4 57. Kd7 Rg7+ 58. Kc6 Rg8 59. Kb7
) 53. Nc4 Kf6 54. c7 Rg2+ 55. Kf4 Rg8 56. Nb6 Ke6 (56... a4 57. Nxa4 Rc8 58.
Nb6) 57. c8=Q+ Rxc8 58. Nxc8 a4 59. Nb6 a3 (59... b3 60. Nxa4 bxa2 61. Nc5+ Kd5
62. Nb3 (62. Nb3 Kc6 63. Ke4 Kb5 64. Kxd4 Kb4 65. Na1 Ka3 66. Kc3 Ka4 67. Kb2
Kb4 68. Nc2+)) 60. Nc4 b3 61. Nxa3 1-0

[Event "Radulescu Memorial"]
[Site "Calimanesti"]
[Date "1999.??.??"]
[Round "13"]
[White "Nanu, Ciprian Costica"]
[Black "Iordachescu, Viorel"]
[Result "0-1"]
[WhiteElo "2420"]
[BlackElo "2539"]
[Annotator "Psakhis,L"]
[PlyCount "70"]
[EventDate "1999.02.??"]
[EventType "tourn"]
[EventRounds "13"]
[EventCountry "ROU"]
[EventCategory "8"]
[SourceTitle "CBM 070"]
[Source "ChessBase"]
[SourceDate "1999.06.08"]
[SourceVersion "1"]
[SourceVersionDate "1999.06.08"]
[SourceQuality "1"]

1. e4 c5 2. Nf3 e6 3. d3 Nc6 4. g3 d5 5. Qe2 {Move in the text became popular
just 6-7 years ago, before White almost automatically played 5.Nbd2} Nge7 6.
Bg2 g6 7. h4 {I prefer to play myself} (7. O-O Bg7 8. c3 {but sharp move in
the game also not bad.}) 7... h6 8. O-O (8. c3 Bg7 9. e5 Qc7 10. Bf4 b6 (10...
g5 11. hxg5 hxg5 12. Rxh8+ Bxh8 13. Bxg5 Nxe5 14. Nbd2 b6 15. Nxe5 Qxe5 16. Nf3
Qxe2+ 17. Kxe2 f6 18. Rh1 Bg7 19. Bh6 Kf7 20. Bxg7 {1/2-1/2 Hernandez,
G-Pierrot,F/Buenos Aires Army 1998 (20)}) 11. a4 g5 12. hxg5 hxg5 13. Rxh8+
Bxh8 14. Bxg5 Nxe5 15. Na3 (15. Nbd2 Ba6 16. Nxe5 Qxe5 17. Qxe5 Bxe5 18. a5 Nc6
19. axb6 axb6 20. Nc4 Bc7 $15 {0-1 Haik,A-Karpov,A/Dubai ol 1986/Inf 42 (43)})
15... Nxf3+ 16. Bxf3 Qe5 17. Qxe5 Bxe5 18. Kd2 Bb7 19. Re1 Bg7 20. Bh5 Kf8 21.
Nb5 Bc6 $11 {1/2-1/2 Oratovsky,M-Gustafsson,J/Fuerth op 1998 (23)}) 8... Bg7 9.
Re1 O-O ({Deserves attention} 9... e5 {and after} 10. exd5 Nxd5 11. c3 O-O 12.
Nbd2 Re8 13. a4 Bf5 14. Ne4 Qe7 15. Nfd2 Be6 16. Nc4 Rad8 17. a5 b5 18. axb6
axb6 $13 {black has nothing to worry about,  1-0 Seeman,T-Cramling,D/Stockholm
op 1997 (37)}) (9... b6 10. c3 a5 11. a4 Ba6 12. e5 Qd7 13. Na3 Na7 14. Bd2 Rd8
15. b4 $5 d4 16. b5 dxc3 17. Bxc3 Bb7 18. Rad1 Nd5 19. Bb2 O-O 20. Nc4 Nc8 21.
d4 $36 {1-0 Hernandez,G-Zapata,A/San Salvador zt 1998 (80)}) 10. e5 {[%cal
Gc1f4,Gb1d2,Gd2f1,Gf1h2,Gh2g4] New move in this position, which is possible
just after black made already short castle. White got not too much after} (10.
Nbd2 Qc7 11. Nf1 Bd7 12. N1h2 f5 13. exf5 exf5 14. Bf4 Qa5 15. Ne5 Nxe5 16.
Bxe5 Rae8 17. Bxg7 Kxg7 18. Qe5+ Rf6 $11 {1/2-1/2 Rodriguez,J-Fernandez,J/
Cienfuegos-B 1975 (31)}) 10... Qc7 11. Nbd2 g5 $2 {Typical move in similiar
positions, but now it doesn,t work properly!} 12. hxg5 hxg5 13. Nxg5 Qxe5 {
[%tqu "En","Try to find strongest move for white","","","d2e4","Great move, I
am sure that Iordanescu overlooked it, when he made risky 11... g5.",10,"e2h5",
"",0]} 14. Nde4 $1 {[%mdl 64] Great move, I am sure that Iordanescu overlooked
it, when he played risky 11... g5.} ({White get nothing after "normal"} 14. Qh5
Qf5) 14... Nd4 {What else?. Black can,t exept sacrifice -} (14... dxe4 15. Qh5
Qf5 16. Bxe4 $18 {lost immediately}) 15. Qh5 $2 {It,s funny, but after this
active move, White hasn,t chances for attack, but after modest} (15. Qd1 $1 {
I could,t find defense for black, for example} Qf5 (15... Rd8 16. Nxf7 $1) (
15... Bf6 16. Bf4 Qf5 17. Nxf6+ Qxf6 18. Nh7 $1 $18 Kxh7 $140 19. Qh5+ Kg8 20.
Be5) (15... dxe4 16. Qh5 Bh6 17. Qxh6 Qg7 18. Nxe4 $18) (15... Nxc2 16. Bf4 $1
Qf5 (16... Qxf4 17. gxf4 Nxe1 18. Qh5 $18) 17. Nd6 $18) 16. c3 Ndc6 17. Nxc5 b6
18. Nb3 $16) 15... Qf5 16. Nd6 Qg6 17. Qd1 {White can,t exchange queens-} (17.
Qxg6 $2 Nxg6 {[%csl Rc2] leads to blacks advantage}) 17... Nef5 18. Nxc8 Raxc8
19. c3 Nc6 20. Bf4 $6 (20. Nh3 $142 $5 $13 {[%cal Gh3f4]}) 20... Bh6 (20... e5
21. Bd2 {[%csl Rd5][%cal Gg2d5]}) 21. Qc1 $6 (21. Nh3 $11) 21... Kg7 $1 $17 {
[%cal Gf8h8]} 22. Bh3 Rh8 23. Kg2 Bxg5 24. Bxg5 Rxh3 $6 {Black doesn,t missed
advantage after this sac, but much simpler was to play} (24... Rh5 $1 {with
easy victory, for example} 25. Bxf5 (25. f4 Rch8 26. Rh1 Nxg3 $1 27. Kxg3 Qxd3+
$19) 25... Qxf5 26. Bh4 Ne5 $19) 25. Kxh3 Rh8+ 26. Kg2 f6 27. Rxe6 $1 {Only
move} (27. Bf4 Nh4+ 28. Kg1 Qg4 {lost immediately}) 27... Qxg5 28. Qxg5+ fxg5
29. Rae1 Kf7 30. g4 $2 {Last mistake, after, for example} (30. a3 $5 $15 {
[%cal Gb2b4] white still could organaized some resistance.}) 30... Nh4+ 31. Kg3
(31. Kf1 Ng6 32. Kg1 d4 $5 $19) 31... Ng6 {[%csl Rf4][%cal Rg6f4,Rh8h3]} 32.
Rd6 Nf4 33. Rd7+ Kf6 (33... Kf8 $1 $19) 34. Rd6+ Kf7 35. Rd7+ Kf8 (35... Kf8
36. f3 $8 Rh3+ 37. Kf2 Rh2+ 38. Kg1 Rxb2 $19) 0-1